| 000 | 00416nam a2200133Ia 4500 | ||
|---|---|---|---|
| 008 | 210430s9999 xx 000 0 und d | ||
| 020 | _a0-8247-7763-8 | ||
| 082 | _a660.39 M239 T | ||
| 100 |
_aI.B .Lvanov _952534 |
||
| 245 |
_aThin Liquid Films Fundamentals and applications / _cI.B .Lvanov _b(Surfactant science series V-29) |
||
| 260 |
_aNew york _bMarcel Dekker, inc. _c1988 |
||
| 300 | _a1126p | ||
| 942 |
_cBK _2ddc |
||
| 999 |
_c561822 _d561822 |
||